Arts et civilisations : oeuvres = Grèce : chapitre 3 - Statistiques

Statistiques générales
  • Ce quiz a été pris 3 fois
  • Le résultat moyen est 6 sur 69
Statistiques - réponses
Par images Réponse % Correct
Propylées
100%
temple d'Athéna niké
100%
Aurige de Delphes
50%
dieu du cap Artémision
50%
ephèbe de Kritios
50%
érechthéion
50%
mur d'Athènes
50%
Parthénon
50%
temple de Zeus à Olympie
50%
temple de Zeus à Olympie
50%
Amphore de type A
0%
Bouleutérion
0%
bronze de Riace
0%
bronze de Riace
0%
coupe
0%
coupe à fond blanc
0%
cratère à oreillettes
0%
cratère à oreillettes
0%
cratère des Niobides
0%
cratère des Niobides
0%
cratère des Niobides
0%
cratère des Niobides
0%
diadumène de Polyclète
0%
doryphore de Polyclète
0%
érechthéion
0%
érechthéion
0%
frise de l'héphaïstieion
0%
frise du Parthénon
0%
frise du Parthénon
0%
frise du Parthénon
0%
fronton du temple de Zeus à Olympie
0%
Héraion d'Argos
0%
Hydrie
0%
Jeune athlète se couronnant
0%
lécythe à fond blanc, Achilles
0%
le peintre de Berlin, amphore
0%
Lesché des Cnidiens
0%
L'héphaïstieion à Athènes
0%
Niké à la sandale
0%
opisthodome du Parthénon
0%
Peintre de meidias, hydrie
0%
plan de l'Héraion d'Argos
0%
plan de milet
0%
plan de Thourioi
0%
plan du sanctuaire d'Apollon à Delphes
0%
plan du sanctuaire d'Olympie
0%
réplique de la statue d'Athéna par Phidias
0%
rhyton en forme de tête d'âne
0%
rhyton en forme de tête de sanglier
0%
sanctuaire d'Apollon à Delphes
0%
Sanctuaire d'Olympie
0%
sculpture du fronton du Parthénon
0%
sculpture du fronton du Parthénon
0%
sculpture du fronton du temple de Zeus à Olympie
0%
sculpture du fronton du temple de Zeus à Olympie
0%
sculptures du fronton du Parthénon
0%
Statue Varvakeion
0%
Stoa Poikilé
0%
temple d'Apollon à Bassae
0%
temple d'Apollonà Bassae
0%
temple d'Apollon à Bassae
0%
temple de Zeus à Olympie
0%
Tholos
0%
tombe du Plongeur à Paestum
0%
tombe du Plongeur à Paestum
0%
tombe du Plongeur à Paestum
0%
Tyrannoctones
0%
Victoire du Paionios
0%
Zeus et Ganymède
0%
Aucun quiz correspondant
Distribution des résultats
% des personnes avec chaque résultat
Percentile par nombre de réponses
Votre historique - résultats
Vous n’avez pas pris ce quiz